000 00569nab a2200217 a 4500
001 65948
003 138760
005 20201118110245.0
008 ||||||n9999 ||| || ||
041 _aspa
100 _aNieto, Emmanuel
245 0 _aComentarios a la ley 100
260 _aBogotá :
_bEscuela Nacional Sindical,
_c1994.
300 _app.15-18
562 _e0
650 _aANALISIS NORMATIVO
650 _aLEY 100 DE 1993
650 _aSISTEMA GENERAL DE SEGURIDAD SOCIAL EN SALUD
773 _060649
_aCultura & trabajo - No.33
942 _cSART
999 _c65948
_d65948